Entre dos males y entre varios sueños
Spremljeno u:
| Format: | Tekst |
|---|---|
| Oznake: |
Dodaj oznaku
Bez oznaka, Budi prvi tko označuje ovaj zapis!
|
MARC
| LEADER | 00000 a a2200000 04500 | ||
|---|---|---|---|
| 001 | 7173 | ||
| 003 | |||
| 040 | |||
| 245 | |a Entre dos males y entre varios sueños | ||
| 773 | |g volumen 20, número 234; páginas 3-11 | ||
| 999 | |c 25857 |d 25857 | ||
